| 000 | 00484nam a2200229Ia 4500 | ||
|---|---|---|---|
| 008 | 210210b1879 xxu||||| |||| 00| 0 eng d | ||
| 041 | _aeng | ||
| 082 | _a940/56 | ||
| 100 | _aEDWARDS (H S) | ||
| 245 | _aRussians at home and abroad Vol I | ||
| 260 |
_aLondon _b- _c1879 |
||
| 440 | _a1 | ||
| 650 | _aVol | ||
| 650 | _aRussians | ||
| 650 | _aI | ||
| 650 | _ahome | ||
| 650 | _aat | ||
| 650 | _aand | ||
| 650 | _aabroad | ||
| 690 | _aEuropean History | ||
| 906 | _a025126 | ||
| 999 |
_c150975 _d150975 |
||